Obálka Náhled e-knihy:
Epub
Pro půjčování e-knih musíte být přihlášeni.
Jak si půjčit online?

Zapomeňte na neděli /

Příběh mladičké Justine, která ve svých dvaceti jedna letech žije podivně starý život. Jakoby přeskočila nejméně jednu generaci. Melancholický příběh od oblíbené francouzské autorky.

Uloženo v:
Hlavní autor: Perrin, Valérie, 1967- (Autor)
Další autoři: Řihánková, Jitka, 1964- (Autor)
Médium: E-kniha
Jazyk:Czech
Vydáno: V Brně : Jota, 2023
Vydání:Vydání první
Témata:
Tagy:
Žádné tagy
LEADER 02686nam a2200397 i 4500
001 312104
003 CZ PrSKC
005 20260601215717.0
007 ta
008 230921s2023 xr g 000 f cze
015 |a cnb003549265 
020 |a 9788076892750  |q (vázáno) 
035 |a (OCoLC)1408815648 
040 |a ABG001  |b cze  |e rda 
041 1 |a cze  |h fre 
072 7 |a 821.133.1-3  |x Francouzská próza, francouzsky psaná  |2 Konspekt 
080 |a 821.133.1-31  |2 MRF 
080 |a (0:82-31)  |2 MRF 
100 1 |a Perrin, Valérie,  |d 1967-  |7 xx0254603  |4 aut 
240 1 0 |a Oubliés du dimanche.  |l Česky 
245 1 0 |a Zapomeňte na neděli /  |c Valérie Perrinová ; z francouzského originálu Les oubliés du dimanche ... přeložila Jitka Řihánková 
250 |a Vydání první 
264 1 |a V Brně :  |b Jota,  |c 2023 
300 |a 300 stran ;  |c 22 cm 
336 |a text  |b txt  |2 rdacontent 
337 |a bez média  |b n  |2 rdamedia 
338 |a svazek  |b nc  |2 rdacarrier 
520 2 |a Příběh mladičké Justine, která ve svých dvaceti jedna letech žije podivně starý život. Jakoby přeskočila nejméně jednu generaci. Melancholický příběh od oblíbené francouzské autorky.  |b Jedenadvacetiletá Justine a její bratranec Jules žijí u babičky a dědy, protože jejich rodiče společně zahynuli při autonehodě. Justine pracuje jako ošetřovatelka v domově důchodců Hortenzie a staré lidi nade všechno miluje. Učarovala jí zejména téměř stoletá Hélène, která vždycky snila o tom, že se naučí číst. Justine a Hélène se brzy spřátelí, svěřují si, co se jim v životě kdysi přihodilo i co se děje právě teď, a objevují věci, které by jedna bez druhé nikdy nespatřily. Justine díky Hélène začne také pátrat po tom, jaká tajemství skrývá její vlastní minulost. Podmanivě melancholický román o všech minulých, současných, utajených a nádherně prožitých láskách, oceněný třinácti literárními cenami, mimo jiné národní cenou Lions de littérature 2016, cenou Chronos 2016 nebo Lire Élire 2016. Nakladatelská anotace. 
655 7 |a francouzské romány  |7 fd132289  |2 czenas 
655 9 |a French fiction  |2 eczenas 
700 1 |a Řihánková, Jitka,  |d 1964-  |7 xx0034357  |4 trl 
900 |a ABA001  |b 20 
044 |a xr 
910 |a RBIT002 
998 |d 387447  |a https://core.palmknihy.cz/api/books/387447/cover?s1a3ld  |b https://core.palmknihy.cz/api/books/387447/cover/400?s1a3ld  |c https://core.palmknihy.cz/api/books/387447/cover/50?s1a3ld  |e 2028-03-07  |g 302  |i 9788076892750  |j https://core.palmknihy.cz/api/books/387447/preview.epub  |l   |q 49  |r 1  |s https://www.palmknihy.cz/kniha/387447  |t ebook  |y 2023  |z 0 
999 |d 312102